000 01041nam0a22002291i 4500
001 rc\563576
005 20240726020352.0
035 _a(NLR Aleph) 005798512
090 _a5271744
_c5271744
100 _a20030616d1987 u |0rusy50 ca
101 0 _arus
102 _aRU
105 _ay |||||||||
200 1 _aМорфо-функциональное состояние поджелудочной железы при хронических гепатитах и циррозе печени у детей
_e(Клинико-эксперим. исслед.)
_eАвтореф. дис. на соиск. учен. степ. канд. мед. наук
_e(14.00.09)
_fКиев. НИИ педиатрии, акушерства и гинекологии им. П.М. Буйко
210 _aКиев
_d1987
215 _a16 с.
320 _aБиблиогр.: с. 16 (5 назв.)
700 1 _aМощич
_bА.П.
_gАлександр Петрович
801 0 _aRU
_bNLR
_gpsbo
801 1 _aRU
_bELAR
_2rusmarc
852 _aNLR
_jА87/24564
942 _cBOOK